000 00815nam a2200229 i 4500
001 182158
003 ES-MaACL
005 20251002201037.0
008 130620s2012 sp | |||||||| | spa d
020 _a978-84-670-0853-1
080 _a347.961(460)"18/19"
100 1 _aGarcía de Cortázar, Fernando.
_954413
245 1 0 _aComparece: España :
_buna historia a través del notariado /
_cFernando García de Cortázar, Ricardo Martín de la Guardia.
260 _aBarcelona :
_bEspasa,
_cD.L. 2012.
300 _a383 p. ;
_c24 cm.
500 _aBibliografía: p. 361-383.
650 4 _aNotariado-
_zEspaña.
_9145428
700 1 _aMartín de la Guardia, Ricardo,
_d1964-
_9162705
852 _aES-MaACL
_jA-12722
_9189069
_b149002
_cDEPO1
_dOlim: N-5722
942 _2udc
_cMONOGRAFIA
999 _c182158
_d182158